000 00661nam a2200241Ia 4500
003 OSt
005 20220928113719.0
006 a|||||r|||| 00| 0
007 ta
008 220927b |||||||| |||| 00| 0 eng d
024 _a65999
037 _cTextual
040 _aSDCL
_cSDCL
_beng
041 _2eng
_aeng
082 _aX:57, P5
100 _aUzan Marc Ed.
_9434669
245 0 _aFuture of the international monetary system
260 _aCheltenham
_bEdward Elgar Publishing
_c2005
300 _avii,347p.Bibchapterwise
_ccm.
650 _aForeign Exchange
942 _hX:57, P5
_cTEXL
_2CC
999 _c750967
_d750967